Návrh procesu vzdelávania zamestnancov v kontexte s USZP v spoločnosti Novplasta, s.r.o.

Na minha lista:
Detalhes bibliográficos
Autor principal: Mihályová, Michaela (Author)
Outros Autores: Mrvová, Ľubica, 1959- (Thesis advisor)
Formato: Manuscrito Livro
Idioma:eslovaco
Publicado em: 2015
Assuntos:
Acesso em linha:http://is.stuba.sk/zp/portal_zp.pl?podrobnosti=110759
Tags: Adicionar Tag
Sem tags, seja o primeiro a adicionar uma tag!

MARC

LEADER 00000ntm a22000003a 4500
001 stuzp50230
003 SK-STU
005 20160719153510.4
007 ta
008 150427s2015----xo-----f-mn---000-0-slo-d
040 |a STU  |b slo 
041 0 |a slo 
100 1 |a Mihályová, Michaela  |u 064000  |4 aut  |U MTF Materiálovotechnologická fakulta  |T MTF Ústav priemyselného inžinierstva a manažmentu  |X 24630  |U M4000  |Y 84  |7 24630 
242 0 1 |a Proposal process education of employees within the context of SCSR in an industrial company NOVPLASTA Ltd.  |y eng 
245 1 0 |a Návrh procesu vzdelávania zamestnancov v kontexte s USZP v spoločnosti Novplasta, s.r.o. 
260 |c 2015 
650 4 |a vzdelávanie zamestnancov  |2 slo 
650 4 |a metódy vzdelávania  |2 slo 
650 4 |a fázy systému vzdelávania  |2 slo 
650 4 |a udržateľné spoločensky zodpovedné podnikanie  |2 slo 
650 4 |a education system od employees  |2 eng 
650 4 |a eduction methods  |2 eng 
650 4 |a corporate social responsibility  |2 eng 
700 1 |a Mrvová, Ľubica,  |d 1959-  |4 ths  |X 1484  |7 A000001484 
856 4 |u http://is.stuba.sk/zp/portal_zp.pl?podrobnosti=110759 
996 |c M* DP-12202  |l MMSKP  |s P  |a 0  |w stuzp50230_0001 
SQL |a stuzp50230  |b DDP  |c SLO  |d Návrh procesu vzdelávania zamestnancov v kontexte s USZP v spoločnosti Novplasta, s.r.o.  |e 24630  |f Mihályová, Michaela  |g 064000  |h 1484  |i Mrvová, Ľubica  |j 20150603  |k 189  |l 06  |m http://is.stuba.sk/zp/portal_zp.pl?podrobnosti=110759  |n I-PMA  |o 5.2.52. priemyselné inžinierstvo